00750nam a2200229 a 450000100060000000300090000600500170001500800410003202000180007304000280009104100080011908200170012710000310014424500960017526000340027130000320030549000750033750400280041265000320044070000350047285200130050726196CO-ViMGA20230915232150.0141112s2004 ck r 000 u spa d a9788428331869 aCO-ViMGAbspacCO-ViMGA aspa04a621.31 S15i1 aSanz Serrano, José Luis.10aInstalaciones de distribución / cJosé Luis Sanz Serrano, José Carlos Toledano Gasca. aMadrid : bParaninfo, c2010. axiv, 271 p. : il. ; 27 cm. aElectricidad/Electrónica. Instalaciones eléctricas y automáticas aIncluye bibliografía.14aInstalaciones eléctricas.1 aToledano Gasca, José Carlos. 17648, 30